<?xml version="1.0" encoding="UTF-8"?><?xml-stylesheet type="text/xsl" href="static/style.xsl"?><OAI-PMH xmlns="http://www.openarchives.org/OAI/2.0/" xmlns:xsi="http://www.w3.org/2001/XMLSchema-instance" xsi:schemaLocation="http://www.openarchives.org/OAI/2.0/ http://www.openarchives.org/OAI/2.0/OAI-PMH.xsd"><responseDate>2026-04-17T05:47:19Z</responseDate><request verb="GetRecord" identifier="oai:www.recercat.cat:11351/13016" metadataPrefix="marc">https://recercat.cat/oai/request</request><GetRecord><record><header><identifier>oai:recercat.cat:11351/13016</identifier><datestamp>2025-10-24T10:17:50Z</datestamp><setSpec>com_2072_378070</setSpec><setSpec>com_2072_378040</setSpec><setSpec>col_2072_378092</setSpec></header><metadata><record xmlns="http://www.loc.gov/MARC21/slim" xmlns:dcterms="http://purl.org/dc/terms/" xmlns:xsi="http://www.w3.org/2001/XMLSchema-instance" xmlns:doc="http://www.lyncode.com/xoai" xsi:schemaLocation="http://www.loc.gov/MARC21/slim http://www.loc.gov/standards/marcxml/schema/MARC21slim.xsd">
   <leader>00925njm 22002777a 4500</leader>
   <datafield ind2=" " ind1=" " tag="042">
      <subfield code="a">dc</subfield>
   </datafield>
   <datafield ind2=" " ind1=" " tag="720">
      <subfield code="a">Muñoz, Karen</subfield>
      <subfield code="e">author</subfield>
   </datafield>
   <datafield ind2=" " ind1=" " tag="720">
      <subfield code="a">Caldentey, Vicente</subfield>
      <subfield code="e">author</subfield>
   </datafield>
   <datafield ind2=" " ind1=" " tag="720">
      <subfield code="a">Idalsoaga, Francisco</subfield>
      <subfield code="e">author</subfield>
   </datafield>
   <datafield ind2=" " ind1=" " tag="720">
      <subfield code="a">Díaz, Luis Antonio</subfield>
      <subfield code="e">author</subfield>
   </datafield>
   <datafield ind2=" " ind1=" " tag="720">
      <subfield code="a">Dunn, Winston</subfield>
      <subfield code="e">author</subfield>
   </datafield>
   <datafield ind2=" " ind1=" " tag="720">
      <subfield code="a">Mehta, Heer</subfield>
      <subfield code="e">author</subfield>
   </datafield>
   <datafield ind2=" " ind1=" " tag="720">
      <subfield code="a">Ventura-Cots, Meritxell</subfield>
      <subfield code="e">author</subfield>
   </datafield>
   <datafield ind2=" " ind1=" " tag="260">
      <subfield code="c">2025-04-30T06:39:26Z</subfield>
   </datafield>
   <datafield ind2=" " ind1=" " tag="260">
      <subfield code="c">2025-04-30T06:39:26Z</subfield>
   </datafield>
   <datafield ind2=" " ind1=" " tag="260">
      <subfield code="c">2025-04</subfield>
   </datafield>
   <datafield ind2=" " ind1=" " tag="520">
      <subfield code="a">Moderate alcohol-associated hepatitis; Mortality; Survival</subfield>
   </datafield>
   <datafield ind2=" " ind1=" " tag="520">
      <subfield code="a">Hepatitis moderada associada a l'alcohol; Mortalitat; Supervivència</subfield>
   </datafield>
   <datafield ind2=" " ind1=" " tag="520">
      <subfield code="a">Hepatitis moderada asociada al alcohol; Mortalidad; Supervivencia</subfield>
   </datafield>
   <datafield ind2=" " ind1=" " tag="520">
      <subfield code="a">Background: &#xd;
Severe alcohol-associated hepatitis (sAH) is a well-characterized disease with high short-term mortality. However, there is limited research on those with a “less severe condition” (moderate AH). This study aims to characterize in-depth patients with moderate AH (mAH), including the performance of mortality scoring systems, key prognostic factors, and survival over time.&#xd;
Methods: &#xd;
A multicenter retrospective cohort study (2009–2019) included patients with mAH (MELD score ≤20 at admission). Cox regression and receiver operating characteristic curves with AUC were used for analysis.&#xd;
Results: &#xd;
We included 1845 patients with AH (20 centers, 8 countries) between 2009 and 2019. mAH was defined as a MELD score ≤20 at admission. Twenty-four percent met the criteria for an mAH episode. Patients with mAH tend to be older and have a higher proportion of females, with a median MELD of 17 (15–19), Maddrey discriminant function (mDF) of 33 (22–40), the trajectory of serum bilirubin of 0.83 (0.60–1.21), and neutrophil-to-lymphocyte ratio (NLR) of 5 (2.96–8.60). The primary causes of death in mAH included multiple organ failure (34.1%) and infections (16.6%). The cumulative survival rates at 30, 90, and 180 days were 94.3%, 90.4%, and 88.2%, respectively. In multivariable analysis, age was the only significant predictor of 30-day mortality (HR 1.49, 95% CI: 1.27–1.76, p&lt;0.001). Mortality prediction models showed poor performance, with AUC for MELD (0.671), mDF (0.726), trajectory of serum bilirubin (0.733), and NLR (0.697).&#xd;
Conclusions: &#xd;
Patients with moderate AH exhibited a mortality of 11.8% at 6 months, primarily driven by multiple organ failure and infections. These patients also exhibit a different clinical profile compared to those with sAH. Tailored models and therapeutic strategies are needed to improve long-term outcomes in mAH.</subfield>
   </datafield>
   <datafield ind2=" " ind1=" " tag="520">
      <subfield code="a">Marco Arrese receives support from the Chilean government through the Fondo Nacional de Desarrollo Científico y Tecnológico (FONDECYT 1241450).</subfield>
   </datafield>
   <datafield ind1="8" ind2=" " tag="024">
      <subfield code="a">http://hdl.handle.net/11351/13016</subfield>
   </datafield>
   <datafield tag="653" ind2=" " ind1=" ">
      <subfield code="a">Hepatitis - Mortalitat</subfield>
   </datafield>
   <datafield tag="653" ind2=" " ind1=" ">
      <subfield code="a">Alcoholisme - Complicacions</subfield>
   </datafield>
   <datafield tag="653" ind2=" " ind1=" ">
      <subfield code="a">Hepatitis - Prognosi</subfield>
   </datafield>
   <datafield tag="653" ind2=" " ind1=" ">
      <subfield code="a">ANALYTICAL, DIAGNOSTIC AND THERAPEUTIC TECHNIQUES, AND EQUIPMENT::Diagnosis::Prognosis</subfield>
   </datafield>
   <datafield tag="653" ind2=" " ind1=" ">
      <subfield code="a">DISEASES::Digestive System Diseases::Liver Diseases::Hepatitis::Hepatitis, Alcoholic</subfield>
   </datafield>
   <datafield tag="653" ind2=" " ind1=" ">
      <subfield code="a">Other subheadings::Other subheadings::Other subheadings::Other subheadings::/mortality</subfield>
   </datafield>
   <datafield tag="653" ind2=" " ind1=" ">
      <subfield code="a">TÉCNICAS Y EQUIPOS ANALÍTICOS, DIAGNÓSTICOS Y TERAPÉUTICOS::diagnóstico::pronóstico</subfield>
   </datafield>
   <datafield tag="653" ind2=" " ind1=" ">
      <subfield code="a">ENFERMEDADES::enfermedades del sistema digestivo::enfermedades hepáticas::hepatitis::hepatitis alcohólica</subfield>
   </datafield>
   <datafield tag="653" ind2=" " ind1=" ">
      <subfield code="a">Otros calificadores::Otros calificadores::Otros calificadores::Otros calificadores::/mortalidad</subfield>
   </datafield>
   <datafield ind2="0" ind1="0" tag="245">
      <subfield code="a">Moderate alcohol-associated hepatitis: A real-world multicenter study</subfield>
   </datafield>
</record></metadata></record></GetRecord></OAI-PMH>